000 00655cam a2200229 4500500
005 20260329003326.0
041 _afre
042 _adc
100 1 0 _aEltchaninoff, Michel
_eauthor
245 0 0 _aAli Abu Awwad. Une cabane dans les colonies
260 _c2015.
500 _a51
690 _aAli Abu Awwad
690 _aCisjordanie
690 _aGuerre
690 _aNon-violence
690 _aPaix
690 _aPalestine
690 _aViolence
786 0 _nPhilosophie magazine | 90 | 6 | 2015-06-01 | p. 9-9 | 1951-1787
856 4 1 _uhttps://shs.cairn.info/magazine-philosophie-magazine-2015-6-page-9?lang=fr&redirect-ssocas=7080
999 _c1823550
_d1823550